Ruiz Montoya en Indias: 1608, 1652

Guardat en:
Dades bibliogràfiques
Autor principal: Jarque, Francisco
Format: Llibre
Idioma:espanyol
Publicat: Madrid, España Victoriano Suárez 1900
Edició:Segunda edición
Col·lecció:Colección de Libros Raros y Curiosos que Tratan de América XVI, XVII, XVIII y XIX
Matèries:
Etiquetes: Afegir etiqueta
Sense etiquetes, Sigues el primer a etiquetar aquest registre!

MARC

LEADER 00000nam a2200000 a 4500
001 UCJ4143
003 CL-VaPUC
005 20220106074426.0
008 070124e19000000SP |||||||||||||||||spa|d
999 |c 320260  |d 320258 
040 |c Pontificia Universidad Católica de Valparaíso 
082 0 4 |a 922 RUI 1900  |2 21 
100 0 |a Jarque, Francisco  |9 507170 
245 1 0 |a Ruiz Montoya en Indias: 1608, 1652 
250 |a Segunda edición 
260 0 3 |a Madrid, España  |b Victoriano Suárez  |c 1900 
300 |a 4 volúmenes. 
490 0 |a Colección de Libros Raros y Curiosos que Tratan de América  |v XVI, XVII, XVIII y XIX 
583 |a last modification  |c 20070124 00:00:00  |k Rodrigo Vera 
600 0 7 |a RUIZ DE MONTOYA, FRANCISCO ANTONIO  |2 CL-VaPUC  |9 507171 
650 7 |a BIOGRAFIAS  |2 CL-VaPUC  |9 504622 
650 0 |a Misioneros  |9 324171 
650 0 |a Colonización  |9 265172 
650 0 |a Jesuitas  |9 268366 
650 0 |a Crítica literaria   |9 269189 
651 0 |a Paraguay  |9 255336 
942 |c BK  |2 ddc 
945 |d 20070124 00:00:00  |a rinostro 
952 |0 0  |1 0  |4 0  |6 922_000000000000000_RUI_1900  |7 0  |8 X  |9 398744  |a FDOBUD  |b FDOBUD  |d 2019-11-22  |h v.1  |i 1014420  |o 922 RUI 1900  |p 1014420  |r 2019-11-22  |t 1  |w 2019-11-22  |y BK_X  |k BUD 
952 |0 0  |1 0  |4 0  |6 922_000000000000000_RUI_1900  |7 0  |8 X  |9 398745  |a FDOBUD  |b FDOBUD  |d 2019-11-22  |h v.2  |i 1014439  |o 922 RUI 1900  |p 1014439  |r 2019-11-22  |t 1  |w 2019-11-22  |y BK_X  |k BUD 
952 |0 0  |1 0  |4 0  |6 922_000000000000000_RUI_1900  |7 0  |8 X  |9 398746  |a FDOBUD  |b FDOBUD  |d 2019-11-22  |h v.3  |i 1016385  |o 922 RUI 1900  |p 1016385  |r 2019-11-22  |t 1  |w 2019-11-22  |y BK_X  |k BUD 
952 |0 0  |1 0  |4 0  |6 922_000000000000000_RUI_1900  |7 0  |8 X  |9 398747  |a FDOBUD  |b FDOBUD  |d 2019-11-22  |h v.4  |i 1042009  |o 922 RUI 1900  |p 1042009  |r 2019-11-22  |t 1  |w 2019-11-22  |y BK_X  |k BUD